Normal view
MARC view
Entry Nombre de reunión
001 - NÚMERO DE CONTROL
- campo de control: 24490
003 - IDENTIFICADOR DEL NÚMERO DE CONTROL
- campo de control: FranzMayer
005 - FECHA Y HORA DE LA ÚLTIMA TRANSACCIÓN
- campo de control: 20190320210829.0
008 - DATOS DE LONGITUD FIJA
- campo de control de longitud fija: 190320|| aca||aabn | a|a d
040 ## - FUENTE DE LA CATALOGACIÓN
- Centro catalogador/agencia de origen: FranzMayer
- Centro/agencia transcriptor: FranzMayer
111 ## - ENCABEZAMIENTO--NOMBRE DE CONGRESO/REUNIÓN
- Nombre de congreso/reunión o jurisdicción como elemento de entrada: Festival d´Elx de Teatre i Música Medieval
- Número del congreso/reunión o número de parte o sección: 2
- Fecha del congreso/reunión: 28 de octubre al 1 de noviembre
- Sede del congreso/Lugar de la reunión: Valencia
670 ## - FUENTE DE DATOS ENCONTRADOS
- Cita de la fuente: Work cat.: (FranzMayer): Festival d´Elx de Teatre i Música Medieval 2 28 de octubre al 1 de noviembre Valencia, II Festival D´Elx de Teatre I Música Medieval, (28 d´octubre a I de novembre 1992), 1992